Temporary Modification to the Fund's Annual Access Limits.

The COVID-19 pandemic has caused a uniquely severe synchronized shock across the global economy, in turn leading numerous member countries to request substantial financial assistance from the Fund. The Executive Board responded to members' needs by increasing the access limits under the Fund�...

Celý popis

Podrobná bibliografie
Korporativní autor: International Monetary Fund
Médium: Časopis
Jazyk:English
Vydáno: Washington, D.C. : International Monetary Fund, 2020.
Edice:Policy Papers; Policy Paper ; No. 2020/036
Témata:
On-line přístup:Full text available on IMF
LEADER 01685cas a2200313 a 4500
001 AALejournalIMF021122
008 230101c9999 xx r poo 0 0eng d
020 |c 5.00 USD 
020 |z 9781513550947 
022 |a 2663-3493 
040 |a BD-DhAAL  |c BD-DhAAL 
110 2 |a International Monetary Fund. 
245 1 0 |a Temporary Modification to the Fund's Annual Access Limits. 
264 1 |a Washington, D.C. :  |b International Monetary Fund,  |c 2020. 
300 |a 1 online resource (28 pages) 
490 1 |a Policy Papers 
500 |a <strong>Off-Campus Access:</strong> No User ID or Password Required 
500 |a <strong>On-Campus Access:</strong> No User ID or Password Required 
506 |a Electronic access restricted to authorized BRAC University faculty, staff and students 
520 3 |a The COVID-19 pandemic has caused a uniquely severe synchronized shock across the global economy, in turn leading numerous member countries to request substantial financial assistance from the Fund. The Executive Board responded to members' needs by increasing the access limits under the Fund's emergency financing instruments by 50 percent of quota for a period of 6 months (until October 5, 2020), subject to a possible extension by the Executive Board. 
538 |a Mode of access: Internet 
650 7 |a Emergency Financing Instrument  |2 imf 
650 7 |a Financial Support  |2 imf 
650 7 |a Financing  |2 imf 
650 7 |a PP  |2 imf 
650 7 |a RFI Purchase  |2 imf 
651 7 |a Argentina  |2 imf 
830 0 |a Policy Papers; Policy Paper ;  |v No. 2020/036 
856 4 0 |z Full text available on IMF  |u http://elibrary.imf.org/view/journals/007/2020/036/007.2020.issue-036-en.xml  |z IMF e-Library